[Event "36. Copenhagen Open (Politiken Cup)"]
[Site "Elsinore"]
[Date "2014.07.26"]
[Round "7"]
[White "Undheim, Bjarne"]
[Black "Skjoldager, Per"]
[Result "0-1"]
[WhiteElo "1870"]
[BlackElo "2131"]
[PlyCount "54"]
[EventDate "2014.07.21"]
[EventType "swiss"]
[EventRounds "10"]
[EventCountry "DEN"]
[Source "ChessBase"]
[SourceDate "2014.08.29"]

1. e4 c6 2. d4 d5 3. Nd2 dxe4 4. Nxe4 Bf5 5. Ng3 Bg6 6. Nf3 e6 7. Ne5 Bd6 8.
Nxg6 hxg6 9. Ne4 Bc7 10. Bg5 Qd5 11. Qd3 Nd7 12. c4 Qf5 13. Bd2 Ngf6 14. f3
Nxe4 15. fxe4 Qg4 16. Be2 Rxh2 17. Bxg4 Rxh1+ 18. Kf2 Rxa1 19. Qb3 O-O-O 20.
Bg5 f6 21. Be3 f5 22. Bh3 Nf6 23. exf5 gxf5 24. Ke2 Ne4 25. d5 cxd5 26. cxd5
Rxd5 27. Kf3 Rf1+ 0-1

[Event "36. Copenhagen Open (Politiken Cup)"]
[Site "Elsinore"]
[Date "2014.07.26"]
[Round "7"]
[White "Veng, Johny"]
[Black "Hinrichs, Jan"]
[Result "1/2-1/2"]
[WhiteElo "2244"]
[BlackElo "2124"]
[PlyCount "43"]
[EventDate "2014.07.21"]
[EventType "swiss"]
[EventRounds "10"]
[EventCountry "DEN"]
[Source "ChessBase"]
[SourceDate "2014.08.29"]

1. e4 c5 2. Nf3 d6 3. Nc3 Nf6 4. d4 cxd4 5. Nxd4 a6 6. Bg5 e6 7. f4 h6 8. Bh4
Be7 9. Qf3 Qc7 10. O-O-O Nbd7 11. g4 b5 12. Bg2 Bb7 13. a3 g5 14. fxg5 Ne5 15.
Qg3 Nfxg4 16. g6 Bxh4 17. Qxh4 Rg8 18. gxf7+ Qxf7 19. Rhf1 Qe7 20. Qh5+ Rg6 21.
Bh3 Qg5+ 22. Qxg5 1/2-1/2

[Event "36. Copenhagen Open (Politiken Cup)"]
[Site "Elsinore"]
[Date "2014.07.26"]
[Round "7"]
[White "Weeks, Manuel William"]
[Black "Ikeda, Junta"]
[Result "0-1"]
[WhiteElo "2206"]
[BlackElo "2402"]
[PlyCount "146"]
[EventDate "2014.07.21"]
[EventType "swiss"]
[EventRounds "10"]
[EventCountry "DEN"]
[Source "ChessBase"]
[SourceDate "2014.08.29"]

1. d4 Nf6 2. Nf3 e6 3. Bg5 h6 4. Bh4 d6 5. e3 g5 6. Bg3 Nh5 7. Bd3 Bg7 8. c3
Qe7 9. Nbd2 Nd7 10. O-O b6 11. e4 Bb7 12. Re1 Nxg3 13. hxg3 g4 14. Nh4 Qg5 15.
a4 a6 16. Qe2 h5 17. Nc4 O-O 18. Ne3 Bf6 19. Rf1 c5 20. d5 Rfe8 21. Nc4 Be7 22.
f4 gxf3 23. Rxf3 exd5 24. exd5 Bxd5 25. Re3 Bxc4 26. Bxc4 Ne5 27. Bd5 Ng4 28.
Bxa8 Qxe3+ 29. Qxe3 Nxe3 30. Bc6 Rd8 31. Re1 Bg5 32. Nf3 Bh6 33. Kf2 Ng4+ 34.
Ke2 d5 35. Kd3 Kf8 36. Ne5 Nf6 37. Rf1 Kg7 38. Rf5 a5 39. Nf3 Rd6 40. Bb7 Rd7
41. Bc6 Rd6 42. Bb7 Bc1 43. b3 Bh6 44. Ba8 Kf8 45. Ne5 Bg7 46. Bb7 Ke8 47. Bc6+
Kf8 48. Bb7 Rd8 49. Bc6 Ke7 50. Bb7 Ke6 51. Nc6 Rg8 52. Re5+ Kd6 53. Rf5 Bh8
54. Rf3 Re8 55. Na7 Re1 56. Nb5+ Kd7 57. Rf5 Ke6 58. Bc8+ Ke7 59. Bb7 Rg1 60.
Rf2 Ke6 61. Nc7+ Kd6 62. Nb5+ Kd7 63. Ba8 Re1 64. Bb7 Bg7 65. Re2 Rb1 66. Kc2
Rf1 67. Kd3 Bh6 68. Re5 Rd1+ 69. Ke2 Rd2+ 70. Kf3 d4 71. cxd4 cxd4 72. Rf5 Be3
73. Nxd4 Bxd4 0-1

[Event "36. Copenhagen Open (Politiken Cup)"]
[Site "Elsinore"]
[Date "2014.07.26"]
[Round "7"]
[White "Westerlund, Ola"]
[Black "Jensen, Thore Nyboe"]
[Result "1-0"]
[WhiteElo "1817"]
[BlackElo "2058"]
[PlyCount "63"]
[EventDate "2014.07.21"]
[EventType "swiss"]
[EventRounds "10"]
[EventCountry "DEN"]
[Source "ChessBase"]
[SourceDate "2014.08.29"]

1. d4 Nf6 2. c4 c5 3. d5 d6 4. Nc3 e5 5. e4 Be7 6. Bd3 O-O 7. h3 Ne8 8. Qc2 Na6
9. a3 Bd7 10. Nge2 Nac7 11. O-O g6 12. Be3 Ng7 13. Kh2 f5 14. f4 exf4 15. Bxf4
g5 16. Bd2 f4 17. e5 dxe5 18. Bxh7+ Kh8 19. g4 Qc8 20. d6 Bxd6 21. Qg6 Bf5 22.
gxf5 Nxf5 23. Qh5 Kg7 24. Qg6+ Kh8 25. Qh5 Ng7 26. Qh6 Rf6 27. Qxf6 Nce6 28.
Qh6 f3 29. Be4+ Kg8 30. Qh7+ Kf7 31. Rxf3+ Nf4 32. Qg6+ 1-0

[Event "36. Copenhagen Open (Politiken Cup)"]
[Site "Elsinore"]
[Date "2014.07.26"]
[Round "7"]
[White "Wilen, Eero"]
[Black "Henningsen, Lasse"]
[Result "0-1"]
[WhiteElo "2087"]
[BlackElo "1830"]
[PlyCount "88"]
[EventDate "2014.07.21"]
[EventType "swiss"]
[EventRounds "10"]
[EventCountry "DEN"]
[Source "ChessBase"]
[SourceDate "2014.08.29"]

1. d4 d5 2. c4 e6 3. Nc3 Nf6 4. Bg5 Be7 5. e3 c6 6. Nf3 Nbd7 7. Rc1 O-O 8. Bd3
dxc4 9. Bxc4 Nd5 10. Bxe7 Qxe7 11. O-O Nxc3 12. Rxc3 e5 13. Qc2 exd4 14. exd4
Nf6 15. Re1 Qd6 16. Ng5 Bg4 17. Qb3 Bh5 18. Qxb7 Rab8 19. Qxa7 Rxb2 20. Qa3
Qxa3 21. Rxa3 h6 22. Nf3 Rd8 23. Ne5 Rxd4 24. Ra8+ Kh7 25. Bxf7 Re4 26. Rc1
Rxe5 27. Bc4 Be2 28. Bb3 Bd3 29. Rd8 Rbe2 30. f4 R5e3 31. Rxd3 Rxd3 32. Bc2
Rxc2 33. Rxc2 Ne4 34. Kf1 c5 35. Ke2 Ra3 36. h3 Rxa2 37. Rxa2 Nc3+ 38. Kd3 Nxa2
39. Kc4 Nb4 40. g4 Na6 41. h4 h5 42. g5 Kg6 43. Kd3 Kf5 44. Ke3 Nc7 0-1

[Event "36. Copenhagen Open (Politiken Cup)"]
[Site "Elsinore"]
[Date "2014.07.27"]
[Round "8"]
[White "Aabling Thomsen, Jakob"]
[Black "Saltvedt, Martin"]
[Result "1-0"]
[WhiteElo "2333"]
[BlackElo "1779"]
[PlyCount "71"]
[EventDate "2014.07.21"]
[EventType "swiss"]
[EventRounds "10"]
[EventCountry "DEN"]
[Source "ChessBase"]
[SourceDate "2014.08.29"]

1. e4 c5 2. Nf3 d6 3. Bb5+ Bd7 4. Bxd7+ Nxd7 5. O-O g6 6. c3 Ngf6 7. Re1 Bg7 8.
d4 cxd4 9. cxd4 Qb6 10. Nc3 O-O 11. h3 e5 12. d5 a6 13. Qe2 Qc7 14. Be3 b5 15.
Rec1 Qb7 16. Nd2 Nh5 17. g3 f5 18. exf5 Rxf5 19. Nde4 Bf8 20. Qd2 Nhf6 21. g4
Nxe4 22. Nxe4 Rf7 23. Rc6 Nf6 24. Nxf6+ Rxf6 25. Rac1 Rf7 26. Qa5 Be7 27. Qc7
Qxc7 28. Rxc7 Bd8 29. Rc8 Rxc8 30. Rxc8 Rf8 31. Bh6 Re8 32. Bg5 Bxg5 33. Rxe8+
Kf7 34. Ra8 Ke7 35. Ra7+ Kf6 36. Rxa6 1-0

[Event "36. Copenhagen Open (Politiken Cup)"]
[Site "Elsinore"]
[Date "2014.07.27"]
[Round "8"]
[White "Akdag, Dara Sevkan"]
[Black "Roser, Kevin"]
[Result "0-1"]
[WhiteElo "2236"]
[BlackElo "2406"]
[PlyCount "58"]
[EventDate "2014.07.21"]
[EventType "swiss"]
[EventRounds "10"]
[EventCountry "DEN"]
[Source "ChessBase"]
[SourceDate "2014.08.29"]

1. d4 Nf6 2. c4 e6 3. Nf3 b6 4. g3 Ba6 5. Qc2 Bb4+ 6. Nbd2 Bb7 7. Bg2 c5 8.
dxc5 Bxc5 9. O-O Be7 10. b3 d6 11. Bb2 Nbd7 12. e4 Qc7 13. Nd4 a6 14. f4 O-O
15. Rad1 Rac8 16. Qd3 Rfe8 17. Qe2 Bf8 18. g4 Nc5 19. g5 Nfd7 20. b4 Na4 21.
Ba1 d5 22. Rf3 Bxb4 23. Rh3 Bxd2 24. Rxd2 dxe4 25. Nf5 exf5 26. Rxd7 Qxd7 27.
Qh5 Rc6 28. Bf6 Rxf6 29. gxf6 Qd4+ 0-1

[Event "36. Copenhagen Open (Politiken Cup)"]
[Site "Elsinore"]
[Date "2014.07.27"]
[Round "8"]
[White "Akkanen, Timo"]
[Black "Quiroga, Walter Gonzalo"]
[Result "0-1"]
[WhiteElo "1771"]
[BlackElo "1553"]
[PlyCount "70"]
[EventDate "2014.07.21"]
[EventType "swiss"]
[EventRounds "10"]
[EventCountry "DEN"]
[Source "ChessBase"]
[SourceDate "2014.08.29"]

1. c4 c5 2. Nc3 Nc6 3. d3 g6 4. g3 Bg7 5. Bg2 Nf6 6. e4 O-O 7. Nge2 d6 8. O-O
Rb8 9. f4 a6 10. h3 Bd7 11. a4 b5 12. axb5 axb5 13. Nxb5 Nb4 14. Nec3 Ne8 15.
Ra7 Nc6 16. Ra3 Nd4 17. Nxd4 Bxd4+ 18. Kh2 Qb6 19. f5 Nf6 20. g4 Qc7 21. Kh1
Bc6 22. Qf3 Ra8 23. Rxa8 Rxa8 24. fxg6 fxg6 25. g5 Nh5 26. Qf7+ Kh8 27. Rf3 Qd7
28. Nd5 Qe8 29. Nxe7 Qxf7 30. Rxf7 Ra1 31. Bf1 Bxe4+ 32. dxe4 Rxc1 33. Kg2 Rc2+
34. Kf3 Rf2+ 35. Kg4 Rxf7 0-1

[Event "36. Copenhagen Open (Politiken Cup)"]
[Site "Elsinore"]
[Date "2014.07.27"]
[Round "8"]
[White "Alfven, Jorgen"]
[Black "Meurman, Arne"]
[Result "0-1"]
[WhiteElo "1883"]
[BlackElo "2062"]
[PlyCount "72"]
[EventDate "2014.07.21"]
[EventType "swiss"]
[EventRounds "10"]
[EventCountry "DEN"]
[Source "ChessBase"]
[SourceDate "2014.08.29"]

1. d4 Nf6 2. c4 e6 3. Nf3 d5 4. Nc3 c6 5. Bg5 h6 6. Bh4 dxc4 7. e4 g5 8. Bg3 b5
9. Be2 Bb7 10. h4 g4 11. Ne5 h5 12. O-O Nbd7 13. Nxd7 Qxd7 14. Be5 Be7 15. f3
Rg8 16. Qc2 gxf3 17. Bxf3 Ng4 18. Bxg4 Rxg4 19. Rad1 c5 20. d5 Bxh4 21. Bf6 b4
22. Bxh4 Rxh4 23. Qf2 Rg4 24. dxe6 Qxe6 25. Nb5 Kf8 26. Nc7 Qg6 27. Qxc5+ Kg8
28. Rf2 Bxe4 29. Rdd2 Rc8 30. Qe7 c3 31. bxc3 bxc3 32. Rd6 Rxg2+ 33. Kf1 Rg1+
34. Ke2 Qg4+ 35. Ke3 Re1+ 36. Kd4 Bg6+ 0-1

[Event "36. Copenhagen Open (Politiken Cup)"]
[Site "Elsinore"]
[Date "2014.07.27"]
[Round "8"]
[White "Andersson, Thorbjorn"]
[Black "Hansen, Anders1"]
[Result "1-0"]
[WhiteElo "1950"]
[BlackElo "1735"]
[PlyCount "49"]
[EventDate "2014.07.21"]
[EventType "swiss"]
[EventRounds "10"]
[EventCountry "DEN"]
[Source "ChessBase"]
[SourceDate "2014.08.29"]

1. d4 Nf6 2. c4 c5 3. d5 b5 4. cxb5 a6 5. Nc3 g6 6. e4 d6 7. bxa6 Bxa6 8. Bxa6
Nxa6 9. Nf3 Bg7 10. O-O O-O 11. Re1 Ng4 12. Bf4 Qb6 13. Qd2 c4 14. h3 Bxc3 15.
bxc3 Nf6 16. e5 dxe5 17. Bxe5 Nc5 18. Bd4 Qd6 19. Qh6 Ncd7 20. Ng5 Qa3 21. Nxh7
Rfe8 22. g4 Qb2 23. g5 Nh5 24. Nf8 Nxf8 25. Qh8# 1-0

[Event "36. Copenhagen Open (Politiken Cup)"]
[Site "Elsinore"]
[Date "2014.07.27"]
[Round "8"]
[White "Bach, Matthias"]
[Black "Lofgren, Claes"]
[Result "1/2-1/2"]
[WhiteElo "2224"]
[BlackElo "2109"]
[PlyCount "100"]
[EventDate "2014.07.21"]
[EventType "swiss"]
[EventRounds "10"]
[EventCountry "DEN"]
[Source "ChessBase"]
[SourceDate "2014.08.29"]

1. c4 e5 2. a3 f5 3. d4 exd4 4. Nf3 c5 5. e3 dxe3 6. Bxe3 Nf6 7. Nc3 Be7 8. Qc2
O-O 9. O-O-O Nc6 10. Bd3 d6 11. Bxf5 Bxf5 12. Qxf5 Qc8 13. Qc2 Qg4 14. Nb5 a6
15. Nc7 Rac8 16. h3 Qxg2 17. Ng5 Nd4 18. Bxd4 Qxg5+ 19. Be3 Qe5 20. Nd5 Nxd5
21. Rxd5 Qe6 22. Rh5 Qg6 23. Qxg6 hxg6 24. Rd5 Rf5 25. Rd3 b5 26. b3 Kf7 27.
Kc2 Rh8 28. f4 Rhh5 29. Bc1 d5 30. cxd5 Rxd5 31. Rhd1 Rxd3 32. Rxd3 Ke6 33.
Re3+ Kd7 34. Rd3+ Kc6 35. Re3 Bf6 36. Re6+ Kb7 37. Bb2 Rxh3 38. Bxf6 gxf6 39.
Rxf6 Rg3 40. a4 bxa4 41. bxa4 a5 42. Kb2 Rf3 43. Ka2 c4 44. Rxg6 Rxf4 45. Rg5
c3 46. Rxa5 c2 47. Kb2 Rc4 48. Kc1 Kb6 49. Rb5+ Ka6 50. Rb2 Ka5 1/2-1/2

[Event "36. Copenhagen Open (Politiken Cup)"]
[Site "Elsinore"]
[Date "2014.07.27"]
[Round "8"]
[White "Beckett, Christopher J"]
[Black "Fries Nielsen, Niels Jorgen"]
[Result "0-1"]
[WhiteElo "2132"]
[BlackElo "2297"]
[PlyCount "92"]
[EventDate "2014.07.21"]
[EventType "swiss"]
[EventRounds "10"]
[EventCountry "DEN"]
[Source "ChessBase"]
[SourceDate "2014.08.29"]

1. d4 c5 2. d5 Nf6 3. c4 b5 4. cxb5 a6 5. bxa6 d6 6. Nc3 g6 7. Nf3 Bg7 8. e4
O-O 9. h3 Qa5 10. Bd2 Bxa6 11. Bxa6 Qxa6 12. Qe2 Nfd7 13. Qxa6 Nxa6 14. Ke2
Rfb8 15. Rab1 Nc7 16. Rhc1 f5 17. exf5 gxf5 18. Kf1 Nb6 19. Nh4 Rf8 20. a3
Ncxd5 21. Nxd5 Nxd5 22. Re1 Rab8 23. Rbd1 f4 24. Ba5 Bd4 25. Nf3 e5 26. Nxd4
cxd4 27. b4 Rfc8 28. Rc1 Kf7 29. Red1 Ke6 30. Rxc8 Rxc8 31. b5 Ra8 32. Bb4 Nxb4
33. axb4 Rb8 34. Ra1 Rxb5 35. Ra7 h5 36. Ra4 h4 37. Ke2 Kd5 38. g3 fxg3 39.
fxg3 hxg3 40. Kf3 e4+ 41. Kxg3 d3 42. Kf2 Kd4 43. h4 Rf5+ 44. Ke1 Ke3 45. Ra2
d2+ 46. Rxd2 Rf1+ 0-1

[Event "36. Copenhagen Open (Politiken Cup)"]
[Site "Elsinore"]
[Date "2014.07.27"]
[Round "8"]
[White "Biasi, Grace"]
[Black "Thomsen, Kurt"]
[Result "0-1"]
[WhiteElo "1668"]
[BlackElo "1940"]
[PlyCount "68"]
[EventDate "2014.07.21"]
[EventType "swiss"]
[EventRounds "10"]
[EventCountry "DEN"]
[Source "ChessBase"]
[SourceDate "2014.08.29"]

1. e4 e6 2. d3 d5 3. Nd2 Nf6 4. Ngf3 c5 5. g3 Nc6 6. Bg2 Be7 7. O-O O-O 8. Re1
b6 9. Nf1 Bb7 10. h4 Qc8 11. N1h2 Rd8 12. e5 Nd7 13. Ng4 d4 14. Bg5 b5 15. h5
Bxg5 16. Nxg5 h6 17. Nxh6+ gxh6 18. Nxe6 Ncxe5 19. Nxd8 Bxg2 20. Kxg2 Qxd8 21.
f4 Nc6 22. Qg4+ Kh8 23. Qf3 Rc8 24. Qd5 Kg7 25. a3 Nf6 26. Qxc5 Na5 27. Qxb5
Rxc2+ 28. Kf3 Qa8+ 29. Re4 Nxe4 30. dxe4 Nc4 31. Re1 Nd2+ 32. Kg4 Nxe4 33. Qe5+
Nf6+ 34. Kh4 Rh2# 0-1

[Event "36. Copenhagen Open (Politiken Cup)"]
[Site "Elsinore"]
[Date "2014.07.27"]
[Round "8"]
[White "Bjorn, Lasse E"]
[Black "Inhoven, Stefan"]
[Result "1-0"]
[WhiteElo "1910"]
[BlackElo "2124"]
[PlyCount "109"]
[EventDate "2014.07.21"]
[EventType "swiss"]
[EventRounds "10"]
[EventCountry "DEN"]
[Source "ChessBase"]
[SourceDate "2014.08.29"]

1. d4 Nc6 2. e4 e5 3. dxe5 Nxe5 4. f4 Ng6 5. Nf3 Bc5 6. Bc4 Nh6 7. Nc3 c6 8. f5
Nh4 9. Nxh4 Qxh4+ 10. g3 Qf6 11. Qh5 d5 12. Bxh6 dxc4 13. Bg5 Qd4 14. Qe2 Bb6
15. Rd1 Qc5 16. Bf4 Bd7 17. Bd6 Qe3 18. Rf1 f6 19. Qxe3 Bxe3 20. e5 O-O-O 21.
e6 Be8 22. Be7 Rxd1+ 23. Nxd1 Bb6 24. Rf4 Ba5+ 25. c3 b5 26. Nf2 Bb6 27. Ne4
Bc7 28. Rg4 g6 29. Bxf6 gxf5 30. Rg5 h6 31. Bxh8 hxg5 32. Nxg5 Bd8 33. Nf7 Be7
34. Bg7 c5 35. h4 f4 36. Kf2 fxg3+ 37. Kxg3 Bc6 38. Kg4 Bd5 39. Ng5 Bxg5 40.
Kxg5 Bxe6 41. h5 Bg8 42. Kg6 Kd7 43. h6 Bd5 44. h7 Be4+ 45. Kh6 Bxh7 46. Kxh7
Ke6 47. Kg6 a6 48. Kg5 Kf7 49. Be5 Ke6 50. Kf4 Kd5 51. Kf5 b4 52. a3 Kc6 53.
axb4 Kb5 54. bxc5 Kxc5 55. Ke6 1-0

[Event "36. Copenhagen Open (Politiken Cup)"]
[Site "Elsinore"]
[Date "2014.07.27"]
[Round "8"]
[White "Bjornsson, Eirikur K"]
[Black "Kovshoj, Sune"]
[Result "1-0"]
[WhiteElo "1939"]
[BlackElo "2086"]
[PlyCount "75"]
[EventDate "2014.07.21"]
[EventType "swiss"]
[EventRounds "10"]
[EventCountry "DEN"]
[Source "ChessBase"]
[SourceDate "2014.08.29"]

1. c4 Nf6 2. Nc3 e6 3. e4 d6 4. d4 Nbd7 5. Nf3 e5 6. Be2 exd4 7. Nxd4 Nc5 8. f3
g6 9. O-O Bg7 10. Be3 a5 11. Qd2 Ne6 12. Ndb5 O-O 13. Rad1 Bd7 14. Rfe1 Re8 15.
Bf1 Qb8 16. Qf2 b6 17. b3 Bc6 18. g3 Rf8 19. Nd4 Bd7 20. Bg2 Qb7 21. h3 Rad8
22. f4 Qc8 23. Kh2 h5 24. e5 dxe5 25. fxe5 Nh7 26. Nd5 Rde8 27. Nf6+ Bxf6 28.
exf6 Nxd4 29. Bxd4 Rxe1 30. Rxe1 Re8 31. Re7 Rxe7 32. fxe7 Qe8 33. Qe3 f6 34.
Bd5+ Kg7 35. a4 Ng5 36. Qxg5 Qxe7 37. Qe3 Qd6 38. Qf4 1-0

[Event "36. Copenhagen Open (Politiken Cup)"]
[Site "Elsinore"]
[Date "2014.07.27"]
[Round "8"]
[White "Bremer, Erik"]
[Black "Markussen, Benno Orvad"]
[Result "0-1"]
[WhiteElo "1498"]
[BlackElo "1732"]
[PlyCount "68"]
[EventDate "2014.07.21"]
[EventType "swiss"]
[EventRounds "10"]
[EventCountry "DEN"]
[Source "ChessBase"]
[SourceDate "2014.08.29"]

1. e4 c5 2. Nc3 d6 3. f4 Nc6 4. Nf3 e6 5. Bc4 a6 6. d3 b5 7. a3 bxc4 8. dxc4
Be7 9. Qe2 Nf6 10. O-O O-O 11. Rd1 Qc7 12. e5 Nd7 13. Ne4 dxe5 14. fxe5 Ndxe5
15. Nfg5 Bxg5 16. Bxg5 Ng6 17. Rd3 f6 18. Be3 Nd4 19. Qh5 Qe5 20. Qxe5 Nxe5 21.
Rd2 Nxc4 22. Rxd4 cxd4 23. Bxd4 e5 24. Bc3 Bf5 25. Nc5 Rfd8 26. b3 Ne3 27. Ba5
Rd5 28. b4 Nxc2 29. Rf1 e4 30. Rc1 e3 31. Nb3 e2 32. b5 axb5 33. Bb4 Nxb4 34.
axb4 Rd1+ 0-1

[Event "36. Copenhagen Open (Politiken Cup)"]
[Site "Elsinore"]
[Date "2014.07.27"]
[Round "8"]
[White "Brondum, Eric"]
[Black "Neffe, Axel"]
[Result "0-1"]
[WhiteElo "2119"]
[BlackElo "2252"]
[PlyCount "56"]
[EventDate "2014.07.21"]
[EventType "swiss"]
[EventRounds "10"]
[EventCountry "DEN"]
[Source "ChessBase"]
[SourceDate "2014.08.29"]

1. Nf3 c5 2. e4 e6 3. d4 cxd4 4. c3 dxc3 5. Nxc3 Nc6 6. Bc4 d6 7. O-O Nf6 8.
Qe2 Bd7 9. Rd1 Qb8 10. Bg5 a6 11. a4 Be7 12. Rab1 Qc7 13. Rbc1 Qa5 14. Bf4 Ne5
15. Nxe5 dxe5 16. Bg5 Rd8 17. Bd2 Bb4 18. Bg5 h6 19. Bxf6 gxf6 20. Qf3 Ke7 21.
Ne2 Bxa4 22. b3 Bc6 23. Ng3 Bd2 24. Nh5 f5 25. Ra1 Qc3 26. Qxc3 Bxc3 27. exf5
exf5 28. Rac1 f4 0-1

[Event "36. Copenhagen Open (Politiken Cup)"]
[Site "Elsinore"]
[Date "2014.07.27"]
[Round "8"]
[White "Buchal, Stephan"]
[Black "Svane, Rasmus"]
[Result "1/2-1/2"]
[WhiteElo "2295"]
[BlackElo "2494"]
[PlyCount "56"]
[EventDate "2014.07.21"]
[EventType "swiss"]
[EventRounds "10"]
[EventCountry "DEN"]
[Source "ChessBase"]
[SourceDate "2014.08.29"]

1. Nf3 Nf6 2. g3 b6 3. Bg2 Bb7 4. O-O g6 5. d3 Bg7 6. e4 d6 7. Nc3 c5 8. h3 O-O
9. Bg5 Nc6 10. Qd2 Rc8 11. Rae1 Qd7 12. Nd5 Nxd5 13. exd5 Ne5 14. Nxe5 dxe5 15.
c4 Rfe8 16. Bh6 e6 17. Bxg7 Kxg7 18. Rxe5 exd5 19. Rfe1 Rxe5 20. Rxe5 dxc4 21.
Bxb7 Qxb7 22. dxc4 Qc6 23. Re7 a5 24. Qd7 Qxd7 25. Rxd7 Rc6 26. f4 Kf6 27. Kf2
Ke6 28. Rd5 h5 1/2-1/2

[Event "36. Copenhagen Open (Politiken Cup)"]
[Site "Elsinore"]
[Date "2014.07.27"]
[Round "8"]
[White "Chevannes, Sabrina"]
[Black "Carstensen, Jacob"]
[Result "1/2-1/2"]
[WhiteElo "2160"]
[BlackElo "2375"]
[PlyCount "52"]
[EventDate "2014.07.21"]
[EventType "swiss"]
[EventRounds "10"]
[EventCountry "DEN"]
[Source "ChessBase"]
[SourceDate "2014.08.29"]

1. d4 c5 2. d5 e5 3. e4 d6 4. a4 g6 5. Bb5+ Bd7 6. Nd2 b6 7. Ne2 Bg7 8. Nc4 Qc7
9. Nc3 a6 10. a5 bxa5 11. Ba4 Ne7 12. O-O O-O 13. Bg5 f6 14. Bd2 Ra7 15. Ne2
Bb5 16. Bxa5 Qd7 17. b3 f5 18. Bd2 Nc8 19. Nc3 f4 20. f3 g5 21. Qe2 Rf6 22. Ra2
Rb7 23. Rfa1 Bf8 24. Na5 Rb6 25. Nc4 Rb7 26. Na5 Rb6 1/2-1/2

[Event "36. Copenhagen Open (Politiken Cup)"]
[Site "Elsinore"]
[Date "2014.07.27"]
[Round "8"]
[White "Christensen, Casper"]
[Black "Andersen, Dag"]
[Result "0-1"]
[WhiteElo "2004"]
[BlackElo "1862"]
[PlyCount "118"]
[EventDate "2014.07.21"]
[EventType "swiss"]
[EventRounds "10"]
[EventCountry "DEN"]
[Source "ChessBase"]
[SourceDate "2014.08.29"]

1. e4 e5 2. Nf3 Nc6 3. Bb5 a6 4. Ba4 Nf6 5. O-O b5 6. Bb3 Bc5 7. d3 d6 8. c3
Bb6 9. h3 h6 10. Be3 Bxe3 11. fxe3 O-O 12. Qe1 Ne7 13. Nh4 d5 14. Nf5 Nxf5 15.
exf5 c5 16. e4 c4 17. Bc2 Bb7 18. Nd2 cxd3 19. Bxd3 Qb6+ 20. Kh2 Qc7 21. g4
Rfe8 22. Rg1 Rad8 23. Bc2 dxe4 24. Nf1 e3 25. Qxe3 Nd5 26. Qg3 Nf4 27. Re1 f6
28. Qe3 Re7 29. Ng3 Red7 30. Rd1 Rxd1 31. Rxd1 Rxd1 32. Bxd1 Qc6 33. Qd2 Nd3
34. b4 e4 35. Bc2 Kh7 36. Nxe4 Qxe4 37. Bxd3 Qe5+ 38. Kg1 Qg3+ 39. Kf1 Qxh3+
40. Ke1 Qxg4 41. Qe3 Qh4+ 42. Kd1 Qh1+ 43. Kc2 Bd5 44. Kb2 Qg2+ 45. Bc2 Bxa2
46. Qa7 Bc4 47. Qe3 h5 48. Qe8 Qg5 49. Be4 h4 50. Kc2 Qg4 51. Kd2 h3 52. Ke3 h2
53. Qg6+ Qxg6 54. fxg6+ Kh6 55. Kf2 h1=Q 56. Bxh1 Kxg6 57. Bb7 Kf5 58. Ke3 Ke5
59. Bxa6 f5 0-1

[Event "36. Copenhagen Open (Politiken Cup)"]
[Site "Elsinore"]
[Date "2014.07.27"]
[Round "8"]
[White "Christenson, Bjorn Aa"]
[Black "Matthiesen, Martin"]
[Result "0-1"]
[WhiteElo "1931"]
[BlackElo "2316"]
[PlyCount "90"]
[EventDate "2014.07.21"]
[EventType "swiss"]
[EventRounds "10"]
[EventCountry "DEN"]
[Source "ChessBase"]
[SourceDate "2014.08.29"]

1. e4 e5 2. Nf3 Nc6 3. Bb5 a6 4. Ba4 Nf6 5. O-O Be7 6. Re1 b5 7. Bb3 O-O 8. Nc3
d6 9. Nd5 Na5 10. Nxe7+ Qxe7 11. d4 Bb7 12. Bg5 h6 13. Bh4 c5 14. c3 Nxb3 15.
Qxb3 Rfe8 16. dxe5 dxe5 17. a4 g5 18. Bg3 Nxe4 19. axb5 axb5 20. Rxa8 Rxa8 21.
Qxb5 f6 22. h3 Nxg3 23. fxg3 Rd8 24. Qe2 Qd6 25. Nh2 Kg7 26. Nf1 Ba6 27. Qf2
Bd3 28. Ne3 c4 29. g4 Rb8 30. Nf5+ Bxf5 31. gxf5 Qb6 32. Re2 Kf7 33. Qxb6 Rxb6
34. Rd2 Ke7 35. Rd5 Rxb2 36. Rc5 Kd6 37. Rxc4 Kd5 38. Ra4 e4 39. Ra5+ Kc4 40.
Kf1 Kd3 41. Ra6 Rb1+ 42. Kf2 e3+ 43. Kf3 Rf1+ 44. Kg3 e2 45. Rd6+ Kxc3 0-1

[Event "36. Copenhagen Open (Politiken Cup)"]
[Site "Elsinore"]
[Date "2014.07.27"]
[Round "8"]
[White "Christiansen, Niels Jorgen"]
[Black "Bohman, Leif"]
[Result "0-1"]
[WhiteElo "1664"]
[BlackElo "1866"]
[PlyCount "56"]
[EventDate "2014.07.21"]
[EventType "swiss"]
[EventRounds "10"]
[EventCountry "DEN"]
[Source "ChessBase"]
[SourceDate "2014.08.29"]

1. d4 d5 2. c4 c6 3. cxd5 cxd5 4. Nc3 a6 5. Bf4 Nc6 6. Nf3 e6 7. e3 Nf6 8. Rc1
Be7 9. Bd3 O-O 10. Bb1 Bd7 11. Ne5 Rc8 12. O-O Nxe5 13. dxe5 Ne8 14. Qh5 g6 15.
Qd1 f6 16. Bh6 Ng7 17. f4 Qb6 18. Bxg7 Qxe3+ 19. Kh1 Kxg7 20. Rf3 Qb6 21. f5
gxf5 22. Rg3+ Kh8 23. Qh5 Be8 24. Qh6 Rf7 25. exf6 Bxf6 26. Qd2 Rg7 27. Rxg7
Kxg7 28. Qe2 d4 0-1

[Event "36. Copenhagen Open (Politiken Cup)"]
[Site "Elsinore"]
[Date "2014.07.27"]
[Round "8"]
[White "Collareta, Giovanni"]
[Black "Veng, Johny"]
[Result "0-1"]
[WhiteElo "2095"]
[BlackElo "2244"]
[PlyCount "28"]
[EventDate "2014.07.21"]
[EventType "swiss"]
[EventRounds "10"]
[EventCountry "DEN"]
[Source "ChessBase"]
[SourceDate "2014.08.29"]

1. c4 e5 2. g3 Nc6 3. Bg2 f5 4. Nc3 Nf6 5. e3 d5 6. Nxd5 Nxd5 7. cxd5 Nb4 8. d4
e4 9. f3 Nd3+ 10. Ke2 Qxd5 11. Qb3 Qc6 12. Nh3 Be6 13. Qc3 Bc4 14. b3 exf3+ 0-1

[Event "36. Copenhagen Open (Politiken Cup)"]
[Site "Elsinore"]
[Date "2014.07.27"]
[Round "8"]
[White "Dahl, Steve"]
[Black "Tolba, Henri"]
[Result "1-0"]
[WhiteElo "1802"]
[BlackElo "1675"]
[PlyCount "95"]
[EventDate "2014.07.21"]
[EventType "swiss"]
[EventRounds "10"]
[EventCountry "DEN"]
[Source "ChessBase"]
[SourceDate "2014.08.29"]

1. e4 c5 2. Nf3 e6 3. d4 cxd4 4. Nxd4 Nf6 5. Nc3 d6 6. Be2 Nc6 7. O-O Be7 8.
Be3 O-O 9. Kh1 Bd7 10. Ndb5 Ne8 11. f4 a6 12. Nd4 Nxd4 13. Qxd4 b5 14. Rad1 Rb8
15. Bf3 b4 16. Ne2 Qc8 17. Rd2 Nc7 18. Ng3 g6 19. Rfd1 a5 20. e5 Nb5 21. Qd3 d5
22. Ne4 Qd8 23. Nf2 Rc8 24. g4 Nc7 25. Qf1 Bb5 26. Qh3 Re8 27. g5 Bf8 28. Ng4
h6 29. Nf6+ Kh8 30. Bc5 Re7 31. Bxe7 Qxe7 32. gxh6 Ne8 33. Nxd5 Qc5 34. Nf6
Nxf6 35. exf6 Bc6 36. Bxc6 Qxc6+ 37. Qg2 Qxg2+ 38. Kxg2 Kh7 39. Rd7 Rxc2+ 40.
Kf3 Bxh6 41. Rxf7+ Kg8 42. Ra7 Rc8 43. Rdd7 Rf8 44. Rh7 Rxf6 45. Rxh6 e5 46.
Rh4 g5 47. Rg4 exf4 48. Rxg5+ 1-0